EMPIRE: THE 100 BEST MOVIES OF ALL TIME - Statistics

General Stats
  • This quiz has been taken 459 times
  • The average score is 28 of 100
Answer Stats
Hint Answer % Correct
1972 The Godfather
81%
1994 Pulp Fiction
75%
1977 Star Wars: A New Hope
72%
2008 The Dark Knight
65%
1994 The Shawshank Redemption
64%
1974 The Godfather, Part II
62%
2001 The Lord of the Rings: The Fellowship of the Ring
60%
2003 The Lord of the Rings: The Return of the King
60%
1994 Forrest Gump
58%
1998 Titanic
56%
1990 Goodfellas
53%
2010 Inception
52%
1982 E.T. The Extra Terrestrial
51%
1968 2001: A Space Odyssey
49%
2014 Interstellar
49%
1999 Fight Club
48%
1975 Jaws
48%
1980 Star Wars: The Empire Strikes Back
47%
1981 Raiders of the Lost Ark
45%
1980 The Shining
45%
1993 Schindler's List
43%
1942 Casablanca
42%
1993 Jurassic Park
41%
1995 Seven
41%
2000 Gladiator
39%
1960 Psycho
39%
1998 Saving Private Ryan
39%
2019 Avengers: Endgame
38%
1941 Citizen Kane
38%
1976 Taxi Driver
38%
1985 Back to the Future
37%
1991 The Silence of the Lambs
37%
2018 Avengers: Infinity War
36%
1989 Indiana Jones and the Last Crusade
36%
1983 Star Wars: Return of the Jedi
36%
1979 Alien
35%
1957 12 Angry Men
34%
1979 Apocalypse Now
34%
2009 Inglourious Basterds
34%
2020 Parasite
34%
1999 The Matrix
33%
1975 One Flew Over the Cuckoo's Nest
32%
1992 Reservoir Dogs
32%
1984 The Terminator
32%
1966 The Good, the Bad and the Ugly
31%
2007 No Country for Old men
29%
1958 Vertigo
27%
1986 Aliens
25%
1982 Blade Runner
24%
2016 La La Land
24%
1991 Terminator 2: Judgment Day
24%
1946 It's a Wonderful Life
23%
1954 Rear Window
22%
2007 There Will Be Blood
22%
2002 The Lord of the Rings: The Two Towers
21%
1988 Die Hard
20%
2001 Spirited Away
20%
1973 The Exorcist
20%
2014 Whiplash
20%
1952 Singin' in the Rain
19%
2018 Black Panther
18%
1962 Lawrence of Arabia
18%
2015 Mad Max: Fury Road
18%
2016 Moonlight
18%
1956 Seven Samurai
18%
2004 Eternal Sunshine of the Spotless Mind
17%
1995 Heat
17%
1995 The Usual Suspects
17%
1982 The Thing
16%
2009 Up
16%
1998 The Big Lebowski
15%
1984 Ghostbusters
14%
1994 Léon: The Professional
14%
2001 Mulholland Drive
14%
2017 Get Out
13%
2010 The Social Network
13%
2018 Spider-Man: Into the Spider-Verse
12%
2006 Brokeback Mountain
8%
1989 Do the Right Thing
8%
2006 Pan's Labyrinth
8%
2001 Amélie
7%
1993 Groundhog Day
7%
2014 Guardians of the Galaxy
7%
1997 L.A. Confidential
7%
2017 Logan
7%
1996 Trainspotting
7%
2017 Blade Runner 2049
6%
2017 Lady Bird
6%
2003 Lost in Translation
6%
2016 Arrival
5%
2001 Donnie Darko
5%
2001 In the Mood for Love
5%
2017 Thor: Ragnarok
5%
2020 Portrait of a Lady on Fire
4%
2004 Shaun of the Dead
4%
2007 Hot Fuzz
3%
2017 Paddington 2
3%
2010 Scott Pilgrim Vs The World
3%
2018 A Quiet Place
2%
1991 Point Break
2%
No matching quizzes found
Score Distribution
Percent of People with Each Score
Percentile by Number Answered
Your Score History
You have not taken this quiz